00241nam a2200097Ia 4500008004100000100001400041245001300055260002300068300000900091650004300100190216s9999||||xx |||||||||||||| ||und|| aByers T J 0aIbm Ps/2 bMcgraw -hillc1989 a315p a"Computer Programming. Programs, Data"